Diccionario usual (Registro nro. 9901)
[ vista simple ]
| 000 -LEADER | |
|---|---|
| fixed length control field | 01111nam a2200205Ia 4500 |
| 005 - FECHA Y HORA DE LA ÚLTIMA TRANSACCIÓN | |
| control field | 20231026145622.0 |
| 008 - FIXED-LENGTH DATA ELEMENTS--GENERAL INFORMATION | |
| fixed length control field | 231024s9999 xx 000 0 und d |
| 020 ## - INTERNATIONAL STANDARD BOOK NUMBER | |
| International Standard Book Number | 970-607-359-0 |
| 040 ## - CATALOGING SOURCE | |
| Original cataloging agency | UPAN |
| Transcribing agency | Biblioteca San Vicente |
| Description conventions | RCAA2 |
| 041 ## - LANGUAGE CODE | |
| Language code of text/sound track or separate title | spa |
| 082 ## - DEWEY DECIMAL CLASSIFICATION NUMBER | |
| Classification number | 370.3 |
| Item number | G216d |
| año de publicación | 1994 |
| 100 ## - MAIN ENTRY--PERSONAL NAME | |
| Personal name | García-Pelayo |
| Relator code | aut. |
| 245 #0 - TITLE STATEMENT | |
| Title | Diccionario usual |
| Statement of responsibility, etc | García-Pelayo, Ramón Gross |
| 250 ## - EDITION STATEMENT | |
| Edition statement | 7° ed. |
| 260 ## - PUBLICATION, DISTRIBUTION, ETC. (IMPRINT) | |
| Place of publication, distribution, etc | México: |
| Name of publisher, distributor, etc | Larousse, |
| Date of publication, distribution, etc | 1994 |
| 300 ## - PHYSICAL DESCRIPTION | |
| Extent | 742 p.; |
| Other physical details | il., col., |
| Dimensions | 22 cm. |
| 505 ## - FORMATTED CONTENTS NOTE | |
| Formatted contents note | El lector encontrarà en este libro el conjunto de voces que forma el acervo lingüístico de quienes utilizan en toda la superficie del planea el castellano como medio de expresiòn. Los distintos artículos podràn despejar las dudas que le asalten y ayudarle en sus investigaciones gracias a la explicaciòn sencilla y clara de los tèrminos clàsicos o modernos así como de los tecnicismos impuestos por los adelantos contemporàneos en el mundo del àtomo, la astronàutica, la cibernètica, la televisiòn, la informàtica, la medicina, etc. |
| 650 ## - SUBJECT ADDED ENTRY--TOPICAL TERM | |
| Source of heading or term | LEMB |
| Topical term or geographic name as entry element | Diccionario |
| 942 ## - ADDED ENTRY ELEMENTS (KOHA) | |
| Koha item type | Libros |
| Source of classification or shelving scheme | Dewey Decimal Classification |
| Withdrawn status | Lost status | Source of classification or shelving scheme | Damaged status | Not for loan | Collection code | Home library | Current library | Date acquired | Total Checkouts | Full call number | Barcode | Date last seen | Copy number | Price effective from | Koha item type |
|---|---|---|---|---|---|---|---|---|---|---|---|---|---|---|---|
| Dewey Decimal Classification | Referencia | Biblioteca UPAN San Vicente | Biblioteca UPAN San Vicente | 24/10/2023 | 370.3 G216d | 12002224 | 24/10/2023 | 01 | 24/10/2023 | Referencia |